000 00721nam a2200229Ia 4500
001 9141
003 GE_BSU
008 181216s||||||||xx |||||||||||||| ||und||
040 _cGE_BSU
080 _a821.353.1-31
100 _aლორია,პარმენ
245 _aსაუკნის დაბადება
245 _bრომანი:წიგნი პირველი
245 _cრედ:მ.კუბლაშვილი
260 _aთბილისი.
260 _bაჭარის სახელგამი.
260 _c1945
300 _a234გვ;20სმ.
653 _aრომანი
653 _aსაუკნის დაბადება
942 _cBK
999 _c42445
_d42445